• 首页
  • 本馆介绍
  • 公告通知
  • 最新文献
  • 馆藏检索
  • 电子资源
  • 读者导购
  • 参考咨询
  • 我的图书馆
  • 登录
  • 详细信息显示
  • 放入我的书架
  • 预约/预借图书
  • 作者相关作品
  • 分类相关作品
  • 丛书相关作品
  • 出版社相关作品

书目信息

  • 表格格式
  • 工作单格式
  • 卡片格式
题名:
施工员考核评价大纲及习题集
    
 
作者: 本书编委会编
分册:   市政方向
出版信息: 北京   中国建筑工业出版社  2017.07
页数: 218页
开本: 26cm
丛书名: 建筑与市政工程施工现场专业人员职业标准培训教材
单 册:
中图分类: TU74-44 , TU8-44
科图分类:
主题词: 建筑工程--jian zhu gong cheng--工程施工--技术培训--习题集 , 房屋建筑设备--fang wu jian zhu she bei--工程施工--技术培训--习题集
电子资源:
ISBN: 978-7-112-21059-6
000 01408nam 2200301 450
001 CAL 0120172277725
005 20170904153021.5
010    @a978-7-112-21059-6@b@dCNY40.00
100    @a20170901d2017 em y0chiy50 ea
101 0  @achi
102    @aCN@b110000
105    @ay q 000yy
106    @ar
200 1  @a施工员考核评价大纲及习题集@Ashi gong yuan kao he ping jia da gang ji xi ti ji@g@i市政方向@f本书编委会编
205    @a第2版
210    @a北京@c中国建筑工业出版社@d2017.07
215    @a218页@c@d26cm
225 2  @a建筑与市政工程施工现场专业人员职业标准培训教材@Ajian zhu yu shi zheng gong cheng shi gong xian chang zhuan ye ren yuan zhi ye biao zhun pei xun jiao cai
330    @a本书为施工员 (设备方向) 考核评价大纲及习题集。全书分为两部分, 第一部分为施工员 (设备方向) 考核评价大纲, 由住房和城乡建设部人事司组织编写 ; 第二部分为施工员 (设备方向) 习题集, 分为通用与基础知识、岗位知识与专业技能两篇, 共收录了约1000道习题和两套模拟试卷, 习题和试卷均配有正确答案和解析。
410  0 @12001 @a建筑与市政工程施工现场专业人员职业标准培训教材
517 1  @a市政方向@Ashi zheng fang xiang
606 0  @a建筑工程@Ajian zhu gong cheng@x工程施工@x技术培训@j习题集
606 0  @a房屋建筑设备@Afang wu jian zhu she bei@x工程施工@x技术培训@j习题集
690    @aTU74-44@v5
690    @aTU8-44@v5
801  0 @aCN@b人天书店@c20170901@g
905    @aBZT@dTU74-44@e11=2
906    @dCNY40.00@n3@r1
    
    施工员考核评价大纲及习题集.市政方向/本书编委会编.-第2版.-北京:中国建筑工业出版社,2017.07
    218页;26cm.-(建筑与市政工程施工现场专业人员职业标准培训教材)
    
    
    ISBN 978-7-112-21059-6:CNY40.00
    本书为施工员 (设备方向) 考核评价大纲及习题集。全书分为两部分, 第一部分为施工员 (设备方向) 考核评价大纲, 由住房和城乡建设部人事司组织编写 ; 第二部分为施工员 (设备方向) 习题集, 分为通用与基础知识、岗位知识与专业技能两篇, 共收录了约1000道习题和两套模拟试卷, 习题和试卷均配有正确答案和解析。
●
相关链接 在五车中查询图书 在当当中查询图书 在豆瓣中查询图书


正题名:施工员考核评价大纲及习题集     索取号:TU74-44/11=2         预约/预借

序号 登录号 条形码 馆藏地/架位号 状态 备注
1 840682   2000840682   第二书库/ [索取号:TU74-44/11=2] 在馆    
2 840683   2000840683   第二书库/ [索取号:TU74-44/11=2] 在馆    
3 840684   2000840684   第二书库/ [索取号:TU74-44/11=2] 在馆    
山东省滨州职业学院图书馆 欢迎您!
大连网信软件有限公司© 版权所有